[Event "Paris-ch op-C 87th"]
[Site "Paris"]
[Date "2012.07.14"]
[Round "8"]
[White "Lutard, Florian"]
[Black "Di Giorgio, Daniele"]
[Result "1/2-1/2"]
[WhiteElo "1825"]
[BlackElo "1810"]
[PlyCount "52"]
[EventDate "2012.07.07"]
[EventType "swiss"]
[EventRounds "9"]
[EventCountry "FRA"]
[SourceTitle "EXT 2014"]
[Source "ChessBase"]
[SourceDate "2013.11.20"]
[SourceVersion "1"]
[SourceVersionDate "2013.11.20"]
[SourceQuality "1"]

1. d4 d5 2. c4 e6 3. Nc3 Nf6 4. Nf3 Be7 5. Bg5 0-0 6. e3 Nbd7 7. Bd3 a6 8. cxd5 exd5 9. 0-0 Re8 10. Qc2 c6 11. Nd2 Nf8 12. h3 g6 13. Bf4 Ne6 14. Bh2 Ng7 15. Nf3 Bf5 16. Ne5 Bxd3 17. Qxd3 Nf5 18. Rab1 Nd6 19. Na4 Nd7 20. Nxd7 Qxd7 21. Nc5 Qc8 22. Rfc1 Nc4 23. b3 Na3 24. Rb2 b6 25. Na4 Qb7 26. Nc3 Rac8 1/2-1/2

[Event "Frascati Santa Cecilia op 2nd"]
[Site "Frascati"]
[Date "2009.11.22"]
[Round "4"]
[White "Di Giorgio, Daniele"]
[Black "Carnicelli, Valerio"]
[Result "0-1"]
[WhiteElo "1687"]
[BlackElo "1756"]
[PlyCount "38"]
[EventDate "2009.11.20"]
[EventType "swiss"]
[EventRounds "5"]
[EventCountry "ITA"]
[SourceTitle "EXT 2012"]
[Source "ChessBase"]
[SourceDate "2011.11.24"]
[SourceVersion "1"]
[SourceVersionDate "2011.11.24"]
[SourceQuality "1"]

1. e4 e5 2. f4 Bc5 3. Nf3 d6 4. c3 Nf6 5. d4 exd4 6. e5 dxe5 7. fxe5 Nd5 8. cxd4 Bb6 9. Nc3 Be6 10. Be2 0-0 11. Bg5 Qd7 12. Qd2 a6 13. h4 c5 14. Ne4 Qc6 15. Rc1 Nd7 16. dxc5 Bc7 17. Nd4 Qa4 18. Nxe6 fxe6 19. b3 Qxe4 0-1

[Event "Rome Capablanca op 2nd"]
[Site "Rome"]
[Date "2009.07.11"]
[Round "3"]
[White "Buchner, Martin"]
[Black "Di Giorgio, Daniele"]
[Result "1/2-1/2"]
[WhiteElo "2055"]
[BlackElo "1688"]
[PlyCount "78"]
[EventDate "2009.07.10"]
[EventType "swiss"]
[EventRounds "4"]
[EventCountry "ITA"]
[SourceTitle "EXT 2011"]
[Source "ChessBase"]
[SourceDate "2010.11.26"]
[SourceVersion "1"]
[SourceVersionDate "2010.11.26"]
[SourceQuality "1"]

1. d4 Nf6 2. Nf3 e6 3. e3 c5 4. c3 d5 5. Bd3 Nc6 6. Nbd2 Bd6 7. 0-0 0-0 8. dxc5 Bxc5 9. e4 e5 10. Qe2 d4 11. Nb3 Bb6 12. cxd4 exd4 13. h3 h6 14. Rd1 Re8 15. Bf4 Bf5 16. Nfd2 Nb4 17. f3 Nfd5 18. Bg3 Qg5 19. Kh2 h5 20. h4 Qh6 21. a3 Nxd3 22. Qxd3 Ne3 23. Rdc1 Be6 24. Bf2 Red8 25. Nc5 Bc8 26. b4 a5 27. Nc4 Nxc4 28. Qxc4 axb4 29. axb4 Rxa1 30. Rxa1 Qf6 31. Qd3 Bxc5 32. bxc5 Qe5+ 33. g3 Qxc5 34. Rd1 Qe5 35. Bxd4 Qe6 36. Qf1 Qa2+ 37. Qg2 Qxg2+ 38. Kxg2 Be6 39. Rd2 b6 1/2-1/2

[Event "Rome Capablanca op 2nd"]
[Site "Rome"]
[Date "2009.07.10"]
[Round "1"]
[White "Nass, Emile"]
[Black "Di Giorgio, Daniele"]
[Result "1-0"]
[WhiteElo "2186"]
[BlackElo "1688"]
[PlyCount "49"]
[EventDate "2009.07.10"]
[EventType "swiss"]
[EventRounds "4"]
[EventCountry "ITA"]
[SourceTitle "EXT 2011"]
[Source "ChessBase"]
[SourceDate "2010.11.26"]
[SourceVersion "1"]
[SourceVersionDate "2010.11.26"]
[SourceQuality "1"]

1. Nf3 c5 2. g3 d5 3. Bg2 Nc6 4. d4 cxd4 5. Nxd4 Nf6 6. 0-0 e6 7. c4 Qb6 8. Nxc6 bxc6 9. Nc3 Bd7 10. cxd5 cxd5 11. e4 dxe4 12. Nxe4 Nxe4 13. Bxe4 Rd8 14. Qf3 Be7 15. Be3 Qxb2 16. Bxa7 Bf6 17. Bc5 Qb5 18. Rac1 Qa5 19. Rfd1 Be7 20. Qe3 Bxc5 21. Rxc5 Qa4 22. Rxd7 Kxd7 23. Bc6+ Qxc6 24. Rxc6 Kxc6 25. Qc3+ 1-0